Wit and wisdom of indira Gandhi: the uncrowned queen of india (Record no. 344789)

000 -LEADER
fixed length control field 00417cam a22001337a 4500
008 - FIXED-LENGTH DATA ELEMENTS--GENERAL INFORMATION
fixed length control field 180718b1971 xxu||||| |||| 00| 0 eng d
082 ## - DEWEY DECIMAL CLASSIFICATION NUMBER
Classification number A99 G1512b/Se55
245 ## - TITLE STATEMENT
Title Wit and wisdom of indira Gandhi: the uncrowned queen of india
Statement of responsibility, etc. edited by Indira Gandhi N.R. Sen
260 ## - PUBLICATION, DISTRIBUTION, ETC.
Place of publication, distribution, etc. Delhi
Name of publisher, distributor, etc. N. Book Society of India
Date of publication, distribution, etc. 1971
300 ## - PHYSICAL DESCRIPTION
Extent 336p.
650 ## - SUBJECT ADDED ENTRY--TOPICAL TERM
Topical term or geographic name entry element Gandhi, Indira
700 ## - ADDED ENTRY--PERSONAL NAME
Personal name Sen, N.R.
700 ## - ADDED ENTRY--PERSONAL NAME
Personal name Gandhi, Indira
Holdings
Withdrawn status Lost status Damaged status Not for loan Permanent Location Current Location Date acquired Full call number Barcode Date last seen Price effective from Koha item type
        Indian Institute of Public Administration Indian Institute of Public Administration 1993-10-05 A99 G1512b/Se55 46700 2018-07-21 2018-07-21 Book

Powered by Koha